Click the many thingy here. - Statistics

General Stats
  • This quiz has been taken 41 times
  • The average score is 5 of 12
Answer Stats
Hint Answer % Correct
Palestine is hating Israel
76%
Highest Population bigger than India China
71%
Dangerous Country Afghanistan
62%
Ivory Coast into Côte d'Ivoire
62%
Countries with the most GDP United States
62%
Smallest country in Europe Holy See
43%
Smallest country in Asia Macau
38%
Afghanistan shapeshifted into Taliban
33%
Middle East Countries that hate Israel ALL
29%
Countries who are not a country (Part of China or UK) Taiwan & Sealand
29%
Countries with first hate India and Pakistan
19%
Wants a Kashmir part of India Turkey & Pakistan
14%
No matching quizzes found
Score Distribution
Percent of People with Each Score
Percentile by Number Answered
Your Score History
You have not taken this quiz